El transporte marítimo internacional en América del Sur. Anexos

Uloženo v:
Podrobná bibliografie
Hlavní autor: Sepúlveda Whittle, Tomás (Autor)
Médium: Kniha
Jazyk:španělština
Vydáno: Santiago CEPAL 1979
Témata:
Tagy: Přidat tag
Žádné tagy, Buďte první, kdo vytvoří štítek k tomuto záznamu!

MARC

LEADER 00000nam a2200000 a 4500
001 UCU3094
003 CL-VaPUC
008 960502e19790000CL |||||||||||||||||spa|d
082 0 4 |a 387.51  |b SEP  |2 21 
100 0 |a Sepúlveda Whittle, Tomás  |e author  |9 359815 
245 1 3 |a El transporte marítimo internacional en América del Sur. Anexos 
300 |a 164 p 
942 |c BK 
945 |d 19960502 00:00:00  |a cmena 
260 |a Santiago  |b CEPAL  |c 1979 
650 7 |a TRANSPORTE  |2 CL-VaPUC  |9 256365 
650 0 |a Transporte marítimo  |9 260127 
650 7 |a TARIFAS  |2 CL-VaPUC  |9 317352 
650 7 |a COMERCIO INTERNACIONAL  |2 CL-VaPUC  |9 359816 
650 7 |a ECONOMIA DEL TRANSPORTE  |2 CL-VaPUC  |9 357664 
650 0 |a Acuerdos económicos  |9 348030 
651 0 |a Bolivia  |9 255454 
651 0 |a Brasil  |9 267393 
651 7 |a CHILE  |2 CL-VaPUC  |9 359817 
651 0 |a Colombia  |9 256424 
651 0 |a Ecuador  |9 258378 
651 0 |a Perú  |9 256567 
583 |a last modification  |c 20170406 02:03:17  |k Rodrigo Vera 
999 |c 247207  |d 247205